000
00228nam a22001097a 4500
041
_a
ENG
245
_a
Erosion Conservation And Small Scale Farming
260
_a
Delhi
_b
ISCO
_c
1989
300
_a
582
650
_a
48
856
_u
48
999
_c
3101
_d
3101